[Event "GER-ch Youth-B"]
[Site "Willingen"]
[Date "2022.06.05"]
[Round "1"]
[White "Schaudienst, Arvid"]
[Black "Hofmann, Benjamin1111"]
[Result "1-0"]
[WhiteElo "1411"]
[BlackElo "1483"]
[PlyCount "43"]
[EventDate "2022.06.04"]
[EventType "swiss"]
[EventRounds "9"]
[EventCountry "GER"]
[SourceTitle "CBM 208 Extra"]
[Source "ChessBase"]
[SourceDate "2022.07.31"]
[SourceVersion "1"]
[SourceVersionDate "2022.07.31"]
[SourceQuality "1"]

1. e4 e5 2. Nf3 Nc6 3. Bb5 a6 4. Ba4 Bc5 5. 0-0 d6 6. c3 b5 7. Bb3 Bg4 8. d3 Nf6 9. Nbd2 d5 10. exd5 Nxd5 11. Ne4 Ba7 12. h3 Bh5 13. Ng3 Bg6 14. Re1 Nde7 15. Nxe5 Nxe5 16. Rxe5 Bxd3 17. Qf3 0-0 18. Bg5 Ng6 19. Bxd8 Nxe5 20. Qxa8 Bb6 21. Qd5 Bg6 22. Be7 1-0

[Event "GER-ch Net Amateur Gr-C Vor3"]
[Site "Playchess.com INT"]
[Date "2020.04.16"]
[Round "6"]
[White "Borgert, Alexander"]
[Black "Schaudienst, Arvid"]
[Result "1-0"]
[WhiteElo "1588"]
[BlackElo "1419"]
[PlyCount "61"]
[EventDate "2020.04.16"]
[EventType "swiss (blitz)"]
[EventRounds "9"]
[EventCountry "GER"]
[SourceTitle "CBM 195 Extra"]
[Source "ChessBase"]
[SourceDate "2020.05.31"]
[SourceVersion "1"]
[SourceVersionDate "2020.05.31"]
[SourceQuality "1"]

1. d4 Nf6 2. c4 g6 3. Nc3 d6 4. Nf3 Bg7 5. e4 0-0 6. Be3 Nbd7 7. Qd2 Ng4 8. Bf4 e5 9. dxe5 dxe5 10. Bg5 Ngf6 11. h4 Nc5 12. Qe3 b6 13. h5 Bb7 14. Rd1 Qe8 15. hxg6 fxg6 16. Bh6 Ng4 17. Qg5 Nxh6 18. Rxh6 Bxh6 19. Qxh6 Nxe4 20. Nxe4 Bxe4 21. Ng5 Qe7 22. Nxe4 Qf7 23. f3 Rad8 24. Ng5 Rxd1+ 25. Kxd1 Rd8+ 26. Ke1 Qd7 27. Be2 Qd2+ 28. Kf2 Qd4+ 29. Kf1 Rd7 30. Ne6 Qxb2 31. Qf8# 1-0

[Event "GER-ch Net Amateur Gr-C Vor3"]
[Site "Playchess.com INT"]
[Date "2020.04.16"]
[Round "4"]
[White "Schaudienst, Arvid"]
[Black "Mishra, Sanyukt"]
[Result "0-1"]
[WhiteElo "1419"]
[BlackElo "1383"]
[PlyCount "62"]
[EventDate "2020.04.16"]
[EventType "swiss (blitz)"]
[EventRounds "9"]
[EventCountry "GER"]
[SourceTitle "CBM 195 Extra"]
[Source "ChessBase"]
[SourceDate "2020.05.31"]
[SourceVersion "1"]
[SourceVersionDate "2020.05.31"]
[SourceQuality "1"]

1. e4 c5 2. Nc3 Nc6 3. f4 d6 4. Nf3 g6 5. Bc4 Bg7 6. 0-0 a6 7. a4 Bd7 8. d3 Rb8 9. Qe1 b5 10. axb5 axb5 11. Nxb5 Nf6 12. Rb1 0-0 13. Qh4 Bg4 14. f5 Qa5 15. Nc3 Nb4 16. Bb3 Bxf3 17. Rxf3 Nc6 18. Rh3 Nd4 19. Bc4 e6 20. Bg5 Nh5 21. g4 f6 22. Bf4 g5 23. Qxh5 gxf4 24. Qxh7+ Kf7 25. Qg6+ Kg8 26. Rh7 Rb7 27. h4 Rff7 28. h5 Kf8 29. Rxg7 Rxg7 30. Qxf6+ Rbf7 31. Qh6 d5 0-1

[Event "GER-ch Net blitz qual4"]
[Site "Playchess.com INT"]
[Date "2020.03.23"]
[Round "1"]
[White "Melde, Volker"]
[Black "Schaudienst, Arvid"]
[Result "1-0"]
[WhiteElo "1880"]
[BlackElo "1348"]
[PlyCount "167"]
[EventDate "2020.03.23"]
[EventType "swiss (blitz)"]
[EventRounds "9"]
[EventCountry "GER"]
[SourceTitle "CBM 195 Extra"]
[Source "ChessBase"]
[SourceDate "2020.05.31"]
[SourceVersion "1"]
[SourceVersionDate "2020.05.31"]
[SourceQuality "1"]

1. d4 Nf6 2. Nf3 g6 3. Bf4 Bg7 4. e3 0-0 5. c4 d6 6. Nc3 Nbd7 7. h3 c5 8. d5 Nh5 9. Bh2 b6 10. Be2 Ba6 11. Nd2 Ne5 12. Bxe5 Bxe5 13. Bxh5 gxh5 14. Qxh5 Kh8 15. f4 Bg7 16. g4 Rg8 17. g5 Qe8 18. Rg1 Rd8 19. 0-0-0 Rc8 20. f5 Ra8 21. g6 fxg6 22. fxg6 Bh6 23. Qxh6 Rxg6 24. Rxg6 Qxg6 25. Qxg6 hxg6 26. Rf1 Rg8 27. Rf7 Re8 28. b3 Kg8 29. Rf3 Bc8 30. Rg3 Bf5 31. e4 Bd7 32. Nf3 Kg7 33. e5 Bf5 34. e6 Bd3 35. Ng5 Bf5 36. Nf7 Bd3 37. Nd1 Bf5 38. Nf2 Rc8 39. Rg5 Ra8 40. h4 a5 41. h5 a4 42. hxg6 Bxg6 43. Kb2 axb3 44. axb3 Rb8 45. Nh3 b5 46. cxb5 Rxb5 47. Nf4 Kf8 48. Rxg6 c4 49. Rh6 Rxb3+ 50. Kc2 Rb7 51. Rh8+ Kg7 52. Nh5+ Kg6 53. Rh6+ Kf5 54. Ng3+ Kf4 55. Ne2+ Ke4 56. Nc3+ Kd4 57. Rh4+ Ke3 58. Rxc4 Rb8 59. Rc6 Ra8 60. Rc7 Re8 61. Kb3 Kf4 62. Kc4 Kf5 63. Nb5 Kf6 64. Na7 Kg6 65. Nc6 Kf6 66. Kd4 Ra8 67. Nxe7 Ra4+ 68. Kc3 Ra3+ 69. Kb4 Rh3 70. Nxd6 Rh4+ 71. Kc5 Rh5 72. Nc4 Rg5 73. Nc6 Rg7 74. Rxg7 Kxg7 75. d6 Kf8 76. Kd5 Ke8 77. d7+ Kf8 78. d8Q+ Kg7 79. Qe7+ Kg6 80. Qf7+ Kg5 81. e7 Kg4 82. e8Q Kg5 83. Qeg8+ Kh4 84. Qfh7# 1-0